Voyageurs et ecrivains francais en Egypte /
Main Author:
Format: Book
Language: French
Published:
Le Caire :
Imprimerie de l'Institut français d'archéologie orientale,
1932.
Series:
Recherches d'Archeologie de Philologie et d'Histoire ;
4-5.
RAPH ;
4-5.
Subjects:
Tags: Add Tag
Call Number: DT57 .C14 v.4-5
| LEADER | 01099namaa2200289 4500 | ||
|---|---|---|---|
| 001 | 19007 | ||
| 003 | OSt | ||
| 005 | 20260428092059.0 | ||
| 008 | 130303s1932 ua ab 000 0 fre d | ||
| 010 | |a 33016957 | ||
| 040 | |c ARCE Library | ||
| 043 | |a f-ua--- |a e-fr--- | ||
| 050 | 4 | |a DT57 .C14 v.4-5 | |
| 100 | 1 | |a Carré, Jean-Marie, |d 1887-1958, |e author | |
| 245 | 1 | 0 | |a Voyageurs et ecrivains francais en Egypte / |c Jean-Marie Carré. |
| 264 | 1 | |a Le Caire : |b Imprimerie de l'Institut français d'archéologie orientale, |c 1932. | |
| 300 | |a 2 volumes : |b illus., maps ; |c 25 cm. | ||
| 490 | 0 | |a Recherches d'Archeologie de Philologie et d'Histoire ; |v 4-5. | |
| 490 | 0 | |a RAPH ; |v 4-5. | |
| 505 | 0 | |a 1. Du début à la fin de la domination turque (1517-1840) -- 2. De la fin de la domination turque à l'inauguration du canal de Suez (1840-1869) | |
| 650 | 0 | |a Travelers |z Egypt |x History. | |
| 650 | 0 | |a Travelers' writings, French |x History and criticism. | |
| 650 | 0 | |a Travelers |z France |x History. | |
| 651 | 0 | |a Egypt |x Description and travel. | |
| 901 | |a reviewed | ||
| 942 | |c BK |2 lcc | ||
| 999 | |c 16035 |d 16035 | ||
